Estadísticas para Capitales mundiales más cercanas a Singapur

Haz click aquí para intentar la prueba.

Estadísticas generales

  • Esta prueba ha sido intentada 9 veces
  • La puntuación promedio es 14 de 20

Estadísticas de respuestas

kmcapital% Correcto
309Kuala Lumpur
100%
1426Bangkok
89%
2198Hanói
89%
2391Manila
89%
4465Pekín
89%
3250Taipéi
89%
1855Vientián
89%
902Yakarta
89%
2881Daca
78%
4142Nueva Delhi
78%
2652Dili
67%
1142Nom Pen
67%
1296Bandar Seri Begawan
56%
4813Islamabad
56%
3530Katmandú
56%
3380Malé
56%
2210Naipyidó
56%
3274Timbu
33%
3481Ngerulmud
22%
2720Colombo
11%

Distribución de puntuación

Porcentaje por número respondido

Porcentaje de gente con cada puntuación

Historial de tus puntuaciones

No has intentado esta prueba.